000 00584nam a2200193Ia 4500
003 GCL
008 140319s9999 xx 000 0 ara d
040 _aGCL /
_cGCL
082 0 4 _a747.7
_bم س
100 1 _aمركز التعريب والبرمجة
245 1 0 _aفن تصميم الحمامات /
_cمركز التعريب والبرمجة
300 _a95 ص
490 _aسلسلة كتب الديكور
_v0
650 0 4 _aالديكور
650 0 4 _aالديكور الداخلى
650 0 4 _aالحمامات
650 0 4 _aالديكور - تصميم
942 _2ddc
_cBK
999 _c49793
_d49793